| 000 | 00755cab a2200253 4500 | ||
|---|---|---|---|
| 001 | X2121 | ||
| 008 | 090401t1995 xxu||||| |||| 00| 0 eng d | ||
| 035 | _a(Sirsi) u21882 | ||
| 041 | _aeng | ||
| 245 | _aWest Horndon Industrial Park v Phoenix Timber | ||
| 260 | _c1995 | ||
| 350 | _a0 | ||
| 490 |
_aNew Property Cases _v(1995) NPC 42 |
||
| 520 | _aChD 1 March 1995. A material alteration in the terms of the obligations of a tenant which potentially prejudices the guarantor, releases the surety. NOT TO BE PHOTOCOPIED. | ||
| 650 | _aCOVENANTS | ||
| 650 | _aDEFAULT | ||
| 650 | _aGUARANTORS | ||
| 650 | _aLICENCES | ||
| 650 | _aSURETY | ||
| 650 | _aTENANTS | ||
| 690 | _aLANDLORD AND TENANT-CASE LAW | ||
| 942 | _n0 | ||
| 948 | _c04/03/1997 | ||
| 999 |
_c14662 _d14662 |
||